| 000 | 00956nam a22002177a 4500 | ||
|---|---|---|---|
| 003 | BD-DhJNU | ||
| 005 | 20260505043120.0 | ||
| 008 | 260505b |||||||| |||| 00| 0 eng d | ||
| 020 | _a9844081378 | ||
| 040 |
_aBD-DhJNU _bENG _cBD-DhJNU _dBD-DhJNU |
||
| 082 |
_223 _a891.444 SOR |
||
| 100 | _aছফা, আহমদ | ||
| 242 |
_aRecent consideration : _bthe new ordering of intellectuals / _cAhmed Sofa |
||
| 245 |
_aসাম্প্রতিক বিবেচনা : _bবুদ্ধিবৃত্তির নতুন বিন্যাস / _cআহমদ ছফা |
||
| 246 |
_aSamprotiq bibechona : _bbuddhibrittir natun binnas / |
||
| 260 |
_aঢাকা : _bখান ব্রাদার্স অ্যান্ড কোম্পানি, _c2020. |
||
| 300 |
_a৯৩ পৃ. : _bচিত্র ; _c২২ সেমি. । |
||
| 650 | _aবাংলা সাহিত্য | ||
| 650 | _aBangla Literature | ||
| 942 |
_2ddc _cBK _n0 |
||
| 999 |
_c2767 _d2767 |
||